Muerte súbita -Ciudades sudamericanas por imagen - Estadísticas

Estadísticas generales
  • Esta prueba ha sido intentada 16 veces
  • La puntuación promedio es 3 de 15
Answers on the Grid
Answers color-coded by a green-red scale on the quiz's grid according to % correct below.
 
Estadísticas de respuestas
Respuesta % Correcto
Belem, Brazil
50%
Natal, Brazil
43%
Trujillo, Peru
43%
Manus, Brazil
36%
Arequipa, Peru
29%
Iquitos, Peru
29%
Barranquilla, Colombia
21%
Valparaiso, Chile
21%
Ciudad del Este, Paraguay
14%
Georgetown, Guyana
14%
Port Mourant, Guyana
14%
Cayenne, French Guyana
14%
Guayaquil, Ecuador
7%
Pucallpa, Peru
7%
Ciudad Guayana, Venezuela
0%
No se encontraron pruebas coincidentes
Distribución de puntuación
Porcentaje de gente con cada puntuación
Porcentaje por número respondido
Historial de tus puntuaciones
No has intentado esta prueba.